Villes les plus peuplées de l'Aube 10 - Statistiques

Statistiques générales
  • Ce quiz a été pris 69 fois
  • Le résultat moyen est 9 sur 15
Statistiques - réponses
Population Ville % Correct
62 597 Troyes
100%
5 946 Nogent-sur-Seine
85%
14 623 Romilly-sur-Seine
85%
4 774 Bar-sur-Aube
81%
12 324 La Chapelle-Saint-Luc
74%
10 496 Sainte-Savine
74%
12 701 Saint-André-les-Vergers
64%
6 738 Saint-Julien-les-Villas
60%
5 146 Pont-Sainte-Marie
49%
3 179 Saint Parres-aux-Tertres
49%
3 279 Les Noës-près-Troyes
36%
4 633 Rosières-près-Troyes
36%
2 933 Bréviandes
32%
3 621 La Rivière-de-Corps
23%
3 537 Aix-Villemaur-Pâlis
13%
Aucun quiz correspondant
Distribution des résultats
% des personnes avec chaque résultat
Percentile par nombre de réponses
Votre historique - résultats
Vous n’avez pas pris ce quiz